Handbook of industrial membranes /

Guardado en:
Autor Principal: Scott, K. 1951-
Formato: Libro
Idioma:English
Publicado: Oxford : Elsevier Advanced Technology, c1998.
Edición:2nd ed.
Materias:
Acceso en línea:Descripción
Tabla de contenido
Etiquetas: Agregar Etiqueta
Sin Etiquetas, Sea el primero en etiquetar este registro!
LEADER 00933cam a22002415a 4500
001 EIQ.libpla001851
008 960129s1998####enkao####f####001#0#eng#d
005 20070220155105.0
245 1 0 |a Handbook of industrial membranes /  |c K. Scott. 
250 |a 2nd ed. 
260 |a Oxford :  |b Elsevier Advanced Technology,  |c c1998. 
300 |a xii, 912 p. :  |b il., fotos ;  |c 23 cm. 
500 |a Incluye índice. 
020 |a 1856172333 
100 1 |a Scott, K.  |q (Keith),  |d 1951- 
082 0 0 |a 660/.2842  |2 20 
650 4 |a Membranas (Tecnología)  |x Handbooks, manuales, etc. 
650 0 |a Membranes (Technology)  |x Handbooks, manuals, etc. 
010 |a  96131667  
040 |a Uk  |c Uk  |d KyU  |d DLC  |d AR-BbSID 
856 4 2 |3 Descripción  |u http://www.loc.gov/catdir/enhancements/fy0601/96131667-d.html 
856 4 1 |3 Tabla de contenido  |u http://www.loc.gov/catdir/enhancements/fy0601/96131667-t.html 
859 |a AR-BbSID  |b BIB. PLAPIQUI  |h 660.384 2  |i Sc 81  |k R  |p 5121